[Event "FRA-chT4 1314"]
[Site "Champagne Ardennes"]
[Date "2013.10.13"]
[Round "1"]
[White "Delamotte, Kieran"]
[Black "Doyon, Yves"]
[Result "1-0"]
[WhiteElo "1859"]
[BlackElo "1580"]
[PlyCount "105"]
[EventDate "2013.10.25"]
[EventType "team-tourn"]
[EventRounds "7"]
[EventCountry "FRA"]
[SourceTitle "EXT 2024"]
[Source "ChessBase"]
[SourceDate "2023.10.10"]
[SourceVersion "1"]
[SourceVersionDate "2023.10.10"]
[SourceQuality "1"]

1. d4 d5 2. c4 c6 3. Nf3 Nf6 4. Nc3 e6 5. e3 Nbd7 6. Qc2 Be7 7. Be2 0-0 8. 0-0 dxc4 9. Bxc4 Nb6 10. Bd3 Nbd5 11. a3 h6 12. e4 Nb6 13. Rd1 Ne8 14. Bf4 Bf6 15. e5 Be7 16. Ne4 Nd5 17. Bg3 Bg5 18. Nexg5 hxg5 19. Qd2 f6 20. h3 Qe7 21. Bc2 Nec7 22. Qd3 f5 23. Qd2 Nf4 24. Bxf4 gxf4 25. Qxf4 g6 26. Bb3 Rf7 27. Rac1 Nd5 28. Bxd5 exd5 29. Rc3 Be6 30. Rdc1 Rg7 31. Ng5 Rc8 32. h4 Qd7 33. Qe3 Rf8 34. f4 Rc8 35. b4 a6 36. Qe2 b5 37. Qc2 Qe8 38. Nxe6 Qxe6 39. Rxc6 Rxc6 40. Qxc6 Qxc6 41. Rxc6 Ra7 42. Rxg6+ Kf7 43. Rd6 Rc7 44. Rxd5 Rc3 45. Rd6 Rxa3 46. d5 a5 47. bxa5 b4 48. Rb6 Rxa5 49. Rxb4 Rxd5 50. Rb6 Rd3 51. Rf6+ Kg7 52. Rxf5 Rg3 53. Rg5+ 1-0

[Event "FRA-chT2"]
[Site "France"]
[Date "2002.03.??"]
[Round "11"]
[White "Peter, Sebastien"]
[Black "Delamotte, Kieran"]
[Result "1-0"]
[WhiteElo "2282"]
[BlackElo "1550"]
[PlyCount "67"]
[EventDate "2002.??.??"]
[EventType "team"]
[EventRounds "11"]
[EventCountry "FRA"]
[SourceTitle "EXT 2003"]
[Source "ChessBase"]
[SourceDate "2002.11.25"]
[SourceVersion "1"]
[SourceVersionDate "2002.11.25"]
[SourceQuality "1"]

1. e4 c5 2. Nf3 d6 3. d4 cxd4 4. Nxd4 Nf6 5. Nc3 g6 6. Be3 Bg7 7. f3 0-0 8. Qd2 Nc6 9. 0-0-0 d5 10. exd5 Nxd5 11. Nxc6 bxc6 12. Bd4 Nxc3 13. Qxc3 Bh6+ 14. Be3 Bxe3+ 15. Qxe3 Qb6 16. Qxe7 Be6 17. Qa3 Rfb8 18. Ba6 Qb4 19. Qxb4 Rxb4 20. a3 Rb6 21. Bd3 Rab8 22. b3 Rd8 23. Be4 Rxd1+ 24. Rxd1 Kf8 25. Rd6 Ke7 26. Rxc6 Rxc6 27. Bxc6 Kd6 28. Ba4 a5 29. b4 axb4 30. axb4 Kc7 31. Kd2 Kb6 32. Kd3 g5 33. Kd4 f6 34. c4 1-0